By the Numbers #42 - Statistics

General Stats
  • This quiz has been taken 48 times
  • The average score is 9 of 20
Answer Stats
Hint Explanation Answer % Correct
Number of pennies equivalent to US$ 15 1 dollar = 100 pennies

15 dollars * 100
1500
84%
102 - 4 (10 * 10) - 2

100 - 2
98
84%
LXX ÷ II The Roman numerals LXX and II are equivalent to the Arabic numbers 70 and 2, respectively

70 ÷ 2 = 35
35
78%
17 6/7 + 3 1/7 = x (17 + 6/7) + (3 + 1/7)

(17 + 3) + (6/7 + 1/7)

20 + 1
21
76%
Number of U.S. states with a name beginning with “R” Rhode Island 1
70%
Number of Canadian provinces and territories that border Alaska Yukon, British Columbia 2
59%
One gross minus a score … plus a quartet One gross = 144
One score = 20
One quartet = 4

(144 - 20) + 4

124 + 4
128
57%
Amount of tolerance in the title of the 1994 action film starring Robert Patrick and Titus Welliver Merhi, Joseph (Director). (1994). Zero Tolerance [Film]. PM Entertainment Group Inc. 0
54%
Number of sides an enneadecagon has 19
49%
Number of days and nights that Hanukkah lasts Hanukkah 8
46%
Number found twice in the title of the ABC newsmagazine TV show hosted as of June 2024 by David Muir and Deborah Roberts Sloan, David, et al. (Executive producers). (1979-present). 20/20 [TV series]. ABC News Productions. 20
41%
Atomic number of the element silicon Periodic Table 14
38%
Number of sovereign states whose English language JetPunk name begins with “R” (excluding the Republic of the Congo) Romania, Russia, Rwanda 3
38%
Clinton Street address where Clark Kent (a.k.a. Superman) lived in his Metropolis apartment DC Fandom Wiki 344
35%
Number of capitals (of a sovereign state) whose name in English begins with “W” Warsaw, Poland
Washington, USA
Wellington, New Zealand
Windhoek, Namibia
4
32%
On the Hebrew calendar, the Kislev date on which Hanukkah begins Hanukkah 25
22%
Number of sovereign states that have a land border with Afghanistan Pakistan, Iran, Turkmenistan, Uzbekistan, Tajikistan, China

6
19%
South Wacker Drive address of the Willis Tower (formerly the Sears Tower) in Chicago Willis Tower 233
16%
Number of U.S. states admitted to the Union between 1861 and 1880, inclusive 1861. Kansas
1863. West Virginia
1864. Nevada
1867. Nebraska
1876. Colorado
5
16%
Number of complete books of the Bible regarded as apocryphal by most Protestant denominations, but as canonical by the Catholic, Eastern Orthodox and Oriental Orthodox churches. Tobit, Judith, Baruch, Sirach (Ecclesiasticus), 1 Maccabees, 2 Maccabees, Wisdom

7
11%
No matching quizzes found
Score Distribution
Percent of People with Each Score
Percentile by Number Answered
Your Score History
You have not taken this quiz